000 00626nam a2200205Ia 4500
003 GCL
008 140319s9999 xx 000 0 ara d
040 _aGCL /
_cGCL
082 0 4 _a611.002
_bم س
100 1 _aمحمود الجزيرى
245 1 0 _aسوبوتا :
_bاطلس تشريح جسم الانسان /
_cمحمود الجزيرى
250 _aالثانية
260 _aسوريا :
_bالمركز الثقافى المعاصر ،
_c1993
300 _a2 مج:
_bايض ؛
_c27 سم
490 _a
650 0 4 _aالطب
650 0 4 _aجسم الانسان
650 0 4 _aالتشريح
942 _2ddc
_cBK
999 _c54190
_d54190